| 000 -LEADER |
| fixed length control field |
00375nam a22001577a 4500 |
| 008 - FIXED-LENGTH DATA ELEMENTS--GENERAL INFORMATION |
| fixed length control field |
200108b ||||| |||| 00| 0 eng d |
| 082 00 - DEWEY DECIMAL CLASSIFICATION NUMBER |
| Classification number |
621 |
| Item number |
T644 |
| 100 ## - MAIN ENTRY--PERSONAL NAME |
| 9 (RLIN) |
120 |
| Personal name |
Toft, Louis. |
| 245 10 - TITLE STATEMENT |
| Title |
Theory of machines |
| 250 ## - EDITION STATEMENT |
| Edition statement |
6th |
| 260 ## - PUBLICATION, DISTRIBUTION, ETC. (IMPRINT) |
| Place of publication, distribution, etc |
London |
| Name of publisher, distributor, etc |
Pitman |
| Date of publication, distribution, etc |
1949 |
| 300 ## - PHYSICAL DESCRIPTION |
| Extent |
x,540p. |
| 365 ## - TRADE PRICE |
| Unit of pricing |
9.14 |
| 700 ## - ADDED ENTRY--PERSONAL NAME |
| 9 (RLIN) |
121 |
| Personal name |
Kersey, A. T. J. |
| 942 ## - ADDED ENTRY ELEMENTS (KOHA) |
| Item type |
Books |